书目信息 |
| 题名: |
流畅表达
|
|
| 作者: | 伍拉德, 编著 ;卢小萍 译 | |
| 分册: | 准高级 | |
| 出版信息: | 北京 北京语言大学出版社 2006.04 |
|
| 页数: | 170页 | |
| 开本: | 26cm | |
| 丛书名: | 汤姆森词汇学习系列丛书 | |
| 单 册: | ||
| 中图分类: | H313.1 | |
| 科图分类: | ||
| 主题词: | 英语--ying yu--词汇--自学参考资料 | |
| 电子资源: | ||
| ISBN: | 7-5619-1595-0 | |
| 000 | 01384nam 2200313 450 | |
| 001 | 012006091839 | |
| 005 | 20071015161417.93 | |
| 010 | @a7-5619-1595-0@dCNY20.00 | |
| 100 | @a20060920d2006 km y0chiy0120 ea | |
| 101 | 0 | @achi@aeng |
| 102 | @aCN@b110000 | |
| 105 | @ay z 000yy | |
| 200 | 1 | @a流畅表达@Aliu chang biao da@e英语关键词搭配训练@i准高级@d= Key words for fluency@eUpper-intermediate collocation practice@fGeroge Woolard编著@FGeroge Woolard bian zhu@g卢小萍译@Glu xiao ping yi@zeng |
| 210 | @a北京@c北京语言大学出版社@d2006.04 | |
| 215 | @a170页@d26cm | |
| 225 | 2 | @a汤姆森词汇学习系列丛书@Atang mu sen ci hui xue xi xi lie cong shu |
| 306 | @a本书双语版由汤姆森学习出版集团授权北京语言大学出版社独家出版发行。 | |
| 314 | @a责任者规范汉译姓 : 伍拉德 | |
| 330 | @a本书就英语中一些最常用的单词的搭配进行了练习,分两部分,第一部分含145个单元,集中练习关键词,第二部分含20个有重要名词与of组成的词组。 | |
| 410 | 0 | @12001 @a汤姆森词汇学习系列丛书 |
| 510 | 1 | @aKey words for fluency@eUpper-intermediate collocation practice@zeng |
| 517 | 1 | @a英语关键词搭配训练@Aying yu guan jian ci da pei xun lian |
| 517 | 1 | @a准高级@Azhun gao ji |
| 606 | 0 | @a英语@Aying yu@x词汇@j自学参考资料 |
| 690 | @aH313.1@v4 | |
| 701 | 1 | @a伍拉德,@Awu la de,@bG.@g(Woolard, George)@4编著 |
| 702 | 0 | @a卢小萍@Alu xiao ping@4译 |
| 801 | 0 | @aCN@c20071015 |
| 905 | @dH313.1@eW938 | |
| 流畅表达:英语关键词搭配训练.准高级= Key words for fluency:Upper-intermediate collocation practice/Geroge Woolard编著/卢小萍译.-北京:北京语言大学出版社,2006.04 |
| 170页;26cm.-(汤姆森词汇学习系列丛书) |
| ISBN 7-5619-1595-0:CNY20.00 |
| 本书就英语中一些最常用的单词的搭配进行了练习,分两部分,第一部分含145个单元,集中练习关键词,第二部分含20个有重要名词与of组成的词组。 |
| ● |
| 相关链接 |
|
|
|
正题名:流畅表达
索取号:H313.1/W938
 
预约/预借
| 序号 | 登录号 | 条形码 | 馆藏地/架位号 | 状态 | 备注 |
| 1 | 222168 | 202221684 | 语言库209/209语言库 33排3列2层/ [索取号:H313.1/W938] | 在馆 | |
| 2 | 222169 | 202221693 | 语言库209/209语言库 33排3列2层/ [索取号:H313.1/W938] | 在馆 | |
| 3 | 222170 | 202221700 | 语言库209/209语言库 33排3列2层/ [索取号:H313.1/W938] | 在馆 | |
| 4 | 651277 | 206512772 | 语言库209/209语言库 33排3列2层/ [索取号:H313.1/W938] | 在馆 |